Elenca la formazione - Quiz n°44 - Statistics

Statistiche generali
  • Questo quiz è stato fatto 122 volte
  • Il punteggio medio è 8 su 11
Statistiche sulle risposte
Ruolo Nazione Calciatore % Corretto
Difensore Senegal Kalidou Koulibaly
100%
Trequartista Slovacchia Marek Hamšík
99%
Attaccante Argentina Gonzalo Higuaín
95%
Ala Spagna José María Callejón
95%
Difensore Spagna Raúl Albiol
95%
Difensore Algeria Faouzi Ghoulam
92%
Difensore Italia Christian Maggio
78%
Portiere Brasile Rafael
63%
Centrocampista Uruguay Walter Gargano
58%
Centrocampista Spagna David López
32%
Ala Paesi Bassi Jonathan de Guzmán
11%
Nessun quiz corrispondente trovato
Distribuzione punteggi
Percentuale di utenti per punteggio
Percentile per numero di risposta
I tuoi punteggi nel tempo
Non hai fatto questo quiz